000 04066cam a22002174a 4500
005 20250605164055.0
008 250528s ||||||||||||||||||||||||d
035 _a17418
020 _a9603510262
040 _aGR-AtMCL
_bgre
_dGR-AtMCL
_eAACR2
245 1 _aLeasing, Factoring, Forfaiting, Franchising, Venture Capital / Η Λειτουργία των Σύγχρονων Χρηματοοικονομικών Θεσμών στη Χώρα μας: Δεύτρη Έκδοση
250 _a
260 _bΣταμούλης Α,
_c2000
300 _a224
505 0 _aΠρόλογος, Εξέλιξη και Εφαρμογή της Χρηματοδοτικής Μισθώσεως - Leasing, Νομικό Πλαίσο της Χρηματοδοτικής Μισθώσεως, Τεχνική της Χρηματοδοτικής Μισθώσεως, Λήψη Επενδυτικής Απόφασης για Χρηματοδοτική Μίσθωση, Λογιστική της Χρηματοδοτικής Μίσθωσης, Οργάνωση των Εταιριών Χρηματοδοτικής Μισθώσεως και η Λειτουργία τους Γενικά, Εφαρμογή της Χρηματοδοτικής Μισθώσεως στην Ελλάδα, Ανάληψη Επιχειρηματικών Απαιτήσεων Τραπεζών και οι Σύγχρονοι Θεσμοί Factoring - Forfaiting, Factoring - Μια Νέα Μορφή Τραπεζικών Εργασιών, Η Λειτουργία του Θεσμού Factoring, Οφέλη του Θεσμού Factoring, Ο Θεσμός του Forfaiting, Λειτουγία του Forfaiting, Σύγκριση και Αξιλόγηση Factoring και Forfaiting, Το Franchising στην Ελλάδα ως απαραίτητη προυπόθεση Εκσυγχρονισμού και Επιβίωσης των Επιχειρήσεων, Ο Θεσμος του Franchising, Σύμβαση Franchising και Πόλος Τραπεζών, Διακρίσεις - Πλεονεκτήματα και Μειονεκτήματα του Franchising, Ανάπτυξη - Εφαρμογή και Αξιολόγηση του Franchising, Χρηματοδοτικές Υπηρεσίες Τραπεζών.
520 _aΠρόλογος, Εξέλιξη και Εφαρμογή της Χρηματοδοτικής Μισθώσεως - Leasing, Νομικό Πλαίσο της Χρηματοδοτικής Μισθώσεως, Τεχνική της Χρηματοδοτικής Μισθώσεως, Λήψη Επενδυτικής Απόφασης για Χρηματοδοτική Μίσθωση, Λογιστική της Χρηματοδοτικής Μίσθωσης, Οργάνωση των Εταιριών Χρηματοδοτικής Μισθώσεως και η Λειτουργία τους Γενικά, Εφαρμογή της Χρηματοδοτικής Μισθώσεως στην Ελλάδα, Ανάληψη Επιχειρηματικών Απαιτήσεων Τραπεζών και οι Σύγχρονοι Θεσμοί Factoring - Forfaiting, Factoring - Μια Νέα Μορφή Τραπεζικών Εργασιών, Η Λειτουργία του Θεσμού Factoring, Οφέλη του Θεσμού Factoring, Ο Θεσμός του Forfaiting, Λειτουγία του Forfaiting, Σύγκριση και Αξιλόγηση Factoring και Forfaiting, Το Franchising στην Ελλάδα ως απαραίτητη προυπόθεση Εκσυγχρονισμού και Επιβίωσης των Επιχειρήσεων, Ο Θεσμος του Franchising, Σύμβαση Franchising και Πόλος Τραπεζών, Διακρίσεις - Πλεονεκτήματα και Μειονεκτήματα του Franchising, Ανάπτυξη - Εφαρμογή και Αξιολόγηση του Franchising, Χρηματοδοτικές Υπηρεσίες Τραπεζών.
700 1 _aΓαλάνης Βασίλειος
_93572
942 _cBK
999 _c2839
_d2839